Statystyki dla Zwierzęta na literę P

Kliknij tutaj aby rozwiązać quiz!

Ogólne statystyki

  • Ten quiz został rozwiązany 672 razy
  • Średni wynik to 14 z 36

Statystyki odpowiedzi

Zwierzę% Poprawnych
pies
92%
papuga
81%
paw
74%
pingwin
68%
pająk
64%
ptak
61%
panda
59%
pelikan
59%
puma
58%
pawian
51%
pantera
49%
pszczoła
46%
pyton
40%
pstrąg
38%
płotka
36%
płetwal
35%
pirania
34%
płaszczka
30%
pasikonik
29%
ptasznik
28%
padalec
26%
przepiórka
26%
pancernik
25%
perliczka
25%
pijawka
25%
pluskwa
25%
pchła
24%
puszczyk
24%
piżmak
23%
patyczak
22%
perkoz
21%
pliszka
20%
pustułka
19%
piła
18%
piskorz
16%
pędrak
12%

Rozkład punktacji

Percentyl według liczby udzielonych odpowiedzi

Procent ludzi z każdym wynikiem

Twoja historia wyników

Nie rozwiązałeś tego quizu